[Event "FIDE World Cup 2011"]
[Site "Khanty-Mansiysk RUS"]
[Date "2011.08.28"]
[Round "1.1"]
[White "Kaabi, Mejdi"]
[Black "Karjakin, Sergey"]
[Result "0-1"]
[WhiteTitle "IM"]
[BlackTitle "GM"]
[WhiteElo "2344"]
[BlackElo "2788"]
[WhiteFideId "5500044"]
[BlackFideId "14109603"]
[EventDate "2011.08.28"]

1. d4 d5 2. Nf3 Nf6 3. c4 c6 4. Nc3 dxc4 5. e3 b5 6. a4 b4 7. Nb1 Ba6 8. Ne5 e6
9. Nxc4 c5 10. b3 cxd4 11. exd4 Nc6 12. Be3 Be7 13. Be2 O-O 14. O-O Nd5 15. Bf3
Rc8 16. Re1 Bf6 17. Ra2 Na5 18. Nxa5 Qxa5 19. Rc2 Be7 20. h3 Nxe3 21. fxe3 Bh4
22. Ree2 Bxe2 23. Rxe2 Qc7 24. Nd2 Qc1 25. Qxc1 Rxc1+ 26. Kh2 Rfc8 27. Nc4 Rb1
28. g3 Bd8 29. d5 Rxb3 30. Nd6 Rcc3 31. dxe6 Rxe3 0-1

[Event "FIDE World Cup 2011"]
[Site "Khanty-Mansiysk RUS"]
[Date "2011.08.28"]
[Round "1.1"]
[White "Ibrahim, Hatim"]
[Black "Mamedyarov, Shakhriyar"]
[Result "0-1"]
[BlackTitle "GM"]
[WhiteElo "2402"]
[BlackElo "2765"]
[WhiteFideId "10601201"]
[BlackFideId "13401319"]
[EventDate "2011.08.28"]

1. Nf3 Nf6 2. c4 g6 3. Nc3 Bg7 4. g3 O-O 5. Bg2 d6 6. O-O Nbd7 7. d4 e5 8. b3
exd4 9. Nxd4 Re8 10. Bb2 Nc5 11. Qc2 h5 12. Rad1 h4 13. b4 Ncd7 14. c5 dxc5 15.
bxc5 c6 16. Nb3 Qe7 17. Rfe1 Ne5 18. Bc1 Bf5 19. Ne4 Nfd7 20. Be3 Ng4 21. Bd4
Bh6 22. h3 Bxe4 23. Bxe4 Qxe4 24. Qxe4 Rxe4 25. hxg4 Rxg4 26. Be3 Bxe3 27. Rxd7
Bh6 28. Rxb7 hxg3 29. fxg3 Rxg3+ 30. Kf2 Rc3 31. Rd1 Rc2 32. Rdd7 Re8 33. Re7
Rxe7 34. Rxe7 Rxa2 35. Nd4 Bf8 36. Re5 f6 37. Re8 Kf7 38. Rc8 Bxc5 0-1

[Event "FIDE World Cup 2011"]
[Site "Khanty-Mansiysk RUS"]
[Date "2011.08.28"]
[Round "1.1"]
[White "Ponomariov, Ruslan"]
[Black "Gwaze, Robert"]
[Result "1-0"]
[WhiteTitle "GM"]
[BlackTitle "IM"]
[WhiteElo "2764"]
[BlackElo "2434"]
[WhiteFideId "14103320"]
[BlackFideId "11000228"]
[EventDate "2011.08.28"]

1. e4 c5 2. Nf3 e6 3. d3 Nc6 4. g3 e5 5. Bg2 d6 6. O-O Be7 7. c3 Nf6 8. Nbd2 O-O
9. a3 b5 10. Re1 Kh8 11. d4 Bd7 12. b4 cxd4 13. cxd4 exd4 14. Bb2 Rc8 15. Nb3 a5
16. bxa5 Bg4 17. h3 Bxf3 18. Qxf3 Nd7 19. Qe2 Nc5 20. Nxd4 Nxd4 21. Bxd4 Nb3 22.
Bb6 Qd7 23. Rad1 f6 24. Qe3 Qe6 25. Rb1 Nc5 26. Rxb5 Qa2 27. h4 Na4 28. Bd4 Qc2
29. h5 h6 30. Qb3 Qxb3 31. Rxb3 Rc4 32. Rb4 d5 33. Rxc4 dxc4 34. a6 Bc5 35. Bxc5
Nxc5 36. Rc1 Nxa6 37. Rxc4 Re8 38. Bh3 Kg8 39. Rc6 Nb8 40. Rb6 Rd8 41. a4 1-0

[Event "FIDE World Cup 2011"]
[Site "Khanty-Mansiysk RUS"]
[Date "2011.08.28"]
[Round "1.1"]
[White "Hansen, Eric"]
[Black "Gashimov, Vugar"]
[Result "0-1"]
[WhiteTitle "IM"]
[BlackTitle "GM"]
[WhiteElo "2449"]
[BlackElo "2760"]
[WhiteFideId "2606771"]
[BlackFideId "13400630"]
[EventDate "2011.08.28"]

1. d4 Nf6 2. c4 c5 3. d5 e6 4. Nc3 exd5 5. cxd5 d6 6. Nf3 g6 7. h3 a6 8. a4 Qe7
9. Nd2 Nbd7 10. e4 Ne5 11. Be2 g5 12. Nf1 h6 13. Ng3 Bg7 14. Qc2 O-O 15. Bd2 Bd7
16. O-O g4 17. Rae1 gxh3 18. f4 Ng6 19. Nf5 Bxf5 20. exf5 Nh4 21. Bd1 Qd8 22. g4
Ng2 23. g5 Nxe1 24. Rxe1 Re8 25. gxf6 Rxe1+ 26. Bxe1 Qxf6 27. Kh2 Qd4 28. Ne4
Re8 29. Bf3 Qe3 30. Nxd6 Re7 31. Qd1 Qxe1 32. Qxe1 Rxe1 33. Nxb7 Re3 34. Bh1 Bf8
35. d6 Rd3 36. Nxc5 Rxd6 37. Kxh3 a5 38. Ne4 Rb6 39. Kg4 Rxb2 40. Nf6+ Kh8 41.
Bd5 Rb4 42. Bc6 Rb6 0-1

[Event "FIDE World Cup 2011"]
[Site "Khanty-Mansiysk RUS"]
[Date "2011.08.28"]
[Round "1.1"]
[White "Grischuk, Alexander"]
[Black "Genba, Vladimir"]
[Result "1-0"]
[WhiteTitle "GM"]
[BlackTitle "IM"]
[WhiteElo "2746"]
[BlackElo "2452"]
[WhiteFideId "4126025"]
[BlackFideId "4120043"]
[EventDate "2011.08.28"]

1. d4 d5 2. c4 e6 3. Nf3 Nf6 4. Nc3 dxc4 5. Qa4+ Nbd7 6. e4 Be7 7. Bxc4 O-O 8.
Qc2 c5 9. dxc5 Bxc5 10. O-O Ng4 11. Bf4 Qf6 12. Bg3 Nge5 13. Nxe5 Nxe5 14. Be2
Nc6 15. e5 Qe7 16. Qe4 Nd4 17. Bh4 Nxe2+ 18. Nxe2 Qd7 19. Rad1 Qb5 20. Qg4 Kh8
21. Bf6 gxf6 22. exf6 1-0

[Event "FIDE World Cup 2011"]
[Site "Khanty-Mansiysk RUS"]
[Date "2011.08.28"]
[Round "1.1"]
[White "De La Paz Perdomo, Frank"]
[Black "Radjabov, Teimour"]
[Result "0-1"]
[WhiteTitle "GM"]
[BlackTitle "GM"]
[WhiteElo "2477"]
[BlackElo "2744"]
[WhiteFideId "3501833"]
[BlackFideId "13400924"]
[EventDate "2011.08.28"]

1. e4 c5 2. Nf3 Nc6 3. Bb5 e6 4. c3 a6 5. Ba4 c4 6. O-O Nge7 7. d4 cxd3 8. Qxd3
Ng6 9. Bxc6 bxc6 10. b3 Be7 11. Ba3 c5 12. Qe3 Qc7 13. Nbd2 O-O 14. c4 Bb7 15.
Bb2 f5 16. Rfe1 Rf7 17. Rad1 Raf8 18. Qc3 Bf6 19. e5 Be7 20. Qe3 Qc6 21. Re2 h6
22. Ba3 Rc8 23. Ree1 Bg5 24. Qe2 Nf4 25. Qf1 Bd8 26. Re3 g5 27. Nb1 g4 28. Rd6
Qc7 29. Ne1 Be7 30. Bb2 Bxd6 31. exd6 Qc6 32. Be5 Nh3+ 33. Kh1 f4 34. Rxh3 gxh3
35. Nf3 Rg7 0-1

[Event "FIDE World Cup 2011"]
[Site "Khanty-Mansiysk RUS"]
[Date "2011.08.28"]
[Round "1.1"]
[White "Kamsky, Gata"]
[Black "Di Berardino, Diego Rafael"]
[Result "1-0"]
[WhiteTitle "GM"]
[BlackTitle "IM"]
[WhiteElo "2741"]
[BlackElo "2480"]
[WhiteFideId "2000024"]
[BlackFideId "2105446"]
[EventDate "2011.08.28"]

1. e4 c5 2. Nf3 d6 3. d4 cxd4 4. Nxd4 Nf6 5. Nc3 a6 6. Be3 e6 7. g4 h6 8. f4 Nc6
9. Qf3 Nxd4 10. Bxd4 Qc7 11. Qg3 b5 12. Bg2 Bb7 13. e5 Nd7 14. exd6 Bxd6 15.
Bxb7 Qxb7 16. O-O-O Qc7 17. Rhf1 O-O 18. g5 hxg5 19. Qxg5 f6 20. Qg4 Rae8 21.
Ne4 Bc5 22. Bc3 b4 23. Rxd7 Be3+ 24. Kb1 Qxd7 25. Nxf6+ Rxf6 26. Bxf6 Qf7 27.
Be5 Bb6 28. Qe2 Qb7 29. b3 Rc8 30. Rd1 Rd8 31. Bd6 Qd7 32. Rd3 Qf7 33. Bxb4 Rxd3
34. cxd3 1-0

[Event "FIDE World Cup 2011"]
[Site "Khanty-Mansiysk RUS"]
[Date "2011.08.28"]
[Round "1.1"]
[White "Lima, Darcy"]
[Black "Svidler, Peter"]
[Result "1/2-1/2"]
[WhiteTitle "GM"]
[BlackTitle "GM"]
[WhiteElo "2493"]
[BlackElo "2739"]
[WhiteFideId "2100045"]
[BlackFideId "4102142"]
[EventDate "2011.08.28"]

1. d4 Nf6 2. c4 g6 3. Nc3 d5 4. cxd5 Nxd5 5. e4 Nxc3 6. bxc3 Bg7 7. Nf3 c5 8.
Be3 Qa5 9. Nd2 Nd7 10. Rc1 Qxa2 11. Be2 O-O 12. O-O Qa5 13. d5 b5 14. c4 b4 15.
f4 Qc7 16. e5 a5 17. Ne4 a4 18. Ra1 a3 19. Ra2 Ra5 20. Qb3 Ba6 21. h4 e6 22.
dxe6 fxe6 23. h5 Qc6 24. Ng5 Re8 25. hxg6 hxg6 26. Bd3 Nf8 27. Qb1 Re7 28. Bxg6
Bxc4 29. Bh7+ Kh8 30. Be4 Bd5 31. g4 Bxe4 32. Nxe4 b3 33. Rh2+ Kg8 34. Nf6+ Bxf6
35. exf6 Rb7 36. Qe1 b2 37. Qxa5 b1=Q 38. Rxb1 Rxb1+ 39. Kf2 Rb2+ 40. Kg3 Rxh2
41. Kxh2 Qf3 1/2-1/2

[Event "FIDE World Cup 2011"]
[Site "Khanty-Mansiysk RUS"]
[Date "2011.08.28"]
[Round "1.1"]
[White "Jakovenko, Dmitry"]
[Black "Salem, A.R. Saleh"]
[Result "1-0"]
[WhiteTitle "GM"]
[BlackTitle "GM"]
[WhiteElo "2736"]
[BlackElo "2493"]
[WhiteFideId "4122356"]
[BlackFideId "9301348"]
[EventDate "2011.08.28"]

1. e4 c5 2. Nf3 d6 3. d4 cxd4 4. Nxd4 Nf6 5. Nc3 Nc6 6. Bg5 e6 7. Qd2 a6 8.
O-O-O Be7 9. f4 Bd7 10. Nf3 b5 11. Bxf6 gxf6 12. Kb1 Qb6 13. f5 O-O-O 14. Qe1
Kb8 15. fxe6 fxe6 16. g3 Bc8 17. Bh3 Rhe8 18. Ne2 Ne5 19. Rf1 Nc4 20. Nf4 Bf8
21. Qf2 Qb7 22. Rfe1 Bh6 23. Bg2 Rf8 24. Re2 d5 25. exd5 e5 26. Nd3 Qxd5 27. b3
Qd6 28. bxc4 bxc4 29. c3 Bb7 30. Rb2 Rd7 31. Nh4 cxd3 32. Nf5 Qe6 33. Qf3 e4 34.
Qxe4 Qxe4 35. Bxe4 1-0

[Event "FIDE World Cup 2011"]
[Site "Khanty-Mansiysk RUS"]
[Date "2011.08.28"]
[Round "1.1"]
[White "Almasi, Zoltan"]
[Black "El Gindy, Essam"]
[Result "1-0"]
[WhiteTitle "GM"]
[BlackTitle "GM"]
[WhiteElo "2726"]
[BlackElo "2510"]
[WhiteFideId "702293"]
[BlackFideId "10600140"]
[EventDate "2011.08.28"]

1. e4 c5 2. Nf3 d6 3. d4 cxd4 4. Nxd4 Nf6 5. Nc3 Nc6 6. Bg5 Bd7 7. Qd2 Nxd4 8.
Qxd4 Qa5 9. Bd2 e5 10. Qc4 Qb6 11. Be3 Qc6 12. Qb3 a6 13. Bc4 Be6 14. Bxe6 fxe6
15. Qxe6+ Be7 16. O-O-O Qd7 17. Qb3 Qc6 18. Bg5 O-O-O 19. Bxf6 Bxf6 20. Rd3 Kb8
21. Nd5 Rc8 22. f3 Bg5+ 23. Kb1 Qc4 24. Qxc4 Rxc4 25. h4 Bd8 26. Ne3 Rc6 27. Nf5
g6 28. Nxd6 Rf8 29. Nf7 Bf6 30. Nh6 Bg7 31. Ng4 h5 32. Ne3 Bh6 33. Nd5 Re6 34.
c3 Rg8 35. g4 hxg4 36. fxg4 Rf8 37. g5 Bg7 38. Rdd1 Rh8 39. Rdf1 Bf8 40. Rf7 Bc5
41. Kc2 Ka7 42. Kd3 Bb6 43. Rf6 Rxf6 44. gxf6 Bd8 45. Rg1 Rxh4 46. f7 Rh3+ 47.
Ke2 Rh2+ 48. Kf3 Rh8 49. Rxg6 Rf8 50. Rg7 1-0

[Event "FIDE World Cup 2011"]
[Site "Khanty-Mansiysk RUS"]
[Date "2011.08.28"]
[Round "1.1"]
[White "Cori, Jorge"]
[Black "Vallejo Pons, Francisco"]
[Result "0-1"]
[WhiteTitle "GM"]
[BlackTitle "GM"]
[WhiteElo "2514"]
[BlackElo "2724"]
[WhiteFideId "3802272"]
[BlackFideId "2205530"]
[EventDate "2011.08.28"]

1. d4 Nf6 2. c4 e6 3. g3 d5 4. Nf3 dxc4 5. Bg2 b5 6. a4 c6 7. axb5 cxb5 8. b3
cxb3 9. Qxb3 a6 10. Ne5 Ra7 11. O-O Bb7 12. Nc3 Bxg2 13. Kxg2 Qc8 14. Bf4 Qb7+
15. f3 Be7 16. e4 O-O 17. Rfd1 Nbd7 18. d5 Nc5 19. Qa2 b4 20. Rab1 a5 21. Qf2
Qa6 22. Nc6 bxc3 23. Nxa7 Nd3 24. Qc2 Nxf4+ 25. gxf4 exd5 26. Nb5 dxe4 27. Qxc3 0-1

[Event "FIDE World Cup 2011"]
[Site "Khanty-Mansiysk RUS"]
[Date "2011.08.28"]
[Round "1.1"]
[White "Rahman, Ziaur"]
[Black "Vachier-Lagrave, Maxime"]
[Result "1/2-1/2"]
[WhiteTitle "GM"]
[BlackTitle "GM"]
[WhiteElo "2528"]
[BlackElo "2722"]
[WhiteFideId "10200037"]
[BlackFideId "623539"]
[EventDate "2011.08.28"]

1. Nf3 Nf6 2. c4 g6 3. Nc3 d5 4. cxd5 Nxd5 5. Qb3 Nb6 6. d4 Bg7 7. Bf4 Be6 8.
Qa3 O-O 9. Rd1 N8d7 10. e3 Nd5 11. Bg3 c6 12. e4 Nxc3 13. bxc3 Nf6 14. Bd3 Bg4
15. Rb1 Bxf3 16. gxf3 b6 17. Qa4 Qd7 18. Bf4 Rfd8 19. Rd1 Qh3 20. Ke2 Bh6 21.
Bg3 Nh5 22. Ba6 b5 23. Qa3 Rd7 24. Qc5 Qe6 25. d5 Rxd5 26. Rxd5 cxd5 27. Qxd5
Qxd5 28. exd5 Rd8 29. Rd1 Bg7 30. d6 Nxg3+ 31. fxg3 exd6 32. Rd3 Rb8 33. Rxd6
Bxc3 34. Rd7 Rb6 35. Rxa7 Bd4 36. Ra8+ Kg7 37. Kf1 h5 38. f4 Bc5 39. Kg2 b4 40.
Bc4 Rd6 41. Re8 Rd4 42. Bb5 h4 43. Kh3 hxg3 44. hxg3 Kf6 45. Rc8 Bd6 46. Bc4 Rd2 1/2-1/2

[Event "FIDE World Cup 2011"]
[Site "Khanty-Mansiysk RUS"]
[Date "2011.08.28"]
[Round "1.1"]
[White "Dominguez Perez, Leinier"]
[Black "Moradiabadi, Elshan"]
[Result "1-0"]
[WhiteTitle "GM"]
[BlackTitle "GM"]
[WhiteElo "2719"]
[BlackElo "2532"]
[WhiteFideId "3503240"]
[BlackFideId "12501255"]
[EventDate "2011.08.28"]

1. c4 e6 2. g3 d5 3. Bg2 dxc4 4. Nf3 a6 5. O-O Nf6 6. Qc2 b5 7. Ne5 Nd5 8. d3
cxd3 9. Nxd3 Bb7 10. Nc3 Bd6 11. Rd1 O-O 12. Nxd5 exd5 13. Bf4 Nd7 14. Bxd6 cxd6
15. Nf4 Rc8 16. Qd2 Nb6 17. Nxd5 Bxd5 18. Bxd5 Nxd5 19. Qxd5 Rc2 20. Rd2 Rxd2
21. Qxd2 Qf6 22. Rc1 d5 23. Rc3 Rd8 24. Rd3 h6 25. Rd4 Qg6 26. e4 Rc8 27. exd5
Qb1+ 28. Kg2 Qxa2 29. d6 Qe6 30. d7 Rd8 31. b4 Qe5 32. Qc3 Kh7 33. Qc5 Qe6 34.
Qc7 Qe7 35. h4 g6 36. h5 gxh5 37. Qf4 Kg7 38. Rd6 f6 39. Qd4 Qe5 40. Qxe5 fxe5
41. Kf3 Kf7 42. Ke4 Ke7 43. Kxe5 Rf8 44. d8=Q+ Rxd8 45. Rxd8 Kxd8 46. f4 Ke7 47.
f5 1-0

[Event "FIDE World Cup 2011"]
[Site "Khanty-Mansiysk RUS"]
[Date "2011.08.28"]
[Round "1.1"]
[White "Leko, Peter"]
[Black "Shankland, Samuel L"]
[Result "0-1"]
[WhiteTitle "GM"]
[BlackTitle "GM"]
[WhiteElo "2717"]
[BlackElo "2539"]
[WhiteFideId "703303"]
[BlackFideId "2004887"]
[EventDate "2011.08.28"]

1. d4 d5 2. c4 c6 3. Nc3 Nf6 4. e3 e6 5. Nf3 Nbd7 6. Qc2 b6 7. Bd3 Bb7 8. O-O
dxc4 9. Bxc4 c5 10. Rd1 Be7 11. Ne5 O-O 12. dxc5 Qc7 13. c6 Nxe5 14. cxb7 Qxb7
15. Be2 Rac8 16. Qa4 Rc5 17. Bd2 Qa8 18. Rac1 Rfc8 19. b4 R5c7 20. Ba6 Rd8 21.
Be1 h5 22. Rxd8+ Qxd8 23. Rd1 Qa8 24. Be2 Rc8 25. a3 Nc4 26. Qa6 Nd6 27. h3 g6
28. Bf3 Qb8 29. Ne2 Nd7 30. Bc3 Rc7 31. Ba1 b5 32. Nd4 Qb6 33. Qxb6 Nxb6 34. Nc6
Bf8 35. Be5 Nbc4 36. Bh2 f6 37. Nd8 e5 38. Bd5+ Kh8 39. Ne6 Rc8 40. g4 hxg4 41.
hxg4 g5 42. Kg2 Kh7 43. Bxc4 Nxc4 44. Rd7+ Kg6 45. Rxa7 Re8 46. Ra6 Bd6 47. Nc5
Bxc5 48. bxc5 Rc8 49. c6 Kf7 50. Bg1 Ke6 51. f3 Kd6 52. c7+ Ke7 53. f4 Rxc7 54.
fxg5 fxg5 55. Bf2 e4 56. Rg6 Rc5 57. Ra6 Rd5 58. Kf1 Rd1+ 59. Kg2 Rd3 60. Rg6
Rxa3 61. Rxg5 b4 62. Rb5 b3 63. Rb7+ Ke6 64. g5 Kf5 65. Rb5+ Kg6 66. Be1 b2 0-1

[Event "FIDE World Cup 2011"]
[Site "Khanty-Mansiysk RUS"]
[Date "2011.08.28"]
[Round "1.1"]
[White "Esen, Baris"]
[Black "Moiseenko, Alexander"]
[Result "1/2-1/2"]
[WhiteTitle "GM"]
[BlackTitle "GM"]
[WhiteElo "2543"]
[BlackElo "2715"]
[WhiteFideId "6302114"]
[BlackFideId "14102560"]
[EventDate "2011.08.28"]

1. d4 Nf6 2. c4 e6 3. Nf3 d5 4. Nc3 Bb4 5. Bg5 Nbd7 6. cxd5 exd5 7. Qc2 c5 8.
dxc5 h6 9. Bd2 Bxc5 10. e3 O-O 11. Bd3 a6 12. O-O b5 13. Rac1 Bb7 14. Ne2 Rc8
15. Qb1 Ne4 16. Bc3 Nxc3 17. Rxc3 Nf6 18. Rfc1 Ne4 19. R3c2 b4 20. Nfd4 Qd6 21.
Nb3 Bb6 22. Rxc8 Rxc8 23. Rxc8+ Bxc8 24. Qc2 Bb7 25. Nbd4 g6 26. Ng3 Nc5 27. Bf1
h5 28. Nge2 Ne4 29. Nf3 Qf6 30. h4 Bc6 31. Ned4 Bd7 32. Bd3 Nc5 33. Be2 a5 34.
Ng5 Bg4 35. g3 Qe5 36. Kg2 Kg7 37. Qd1 Bd7 38. b3 Ne4 39. Ndf3 Qf5 40. Bd3 Bc6
41. Qc2 Bb7 42. Bxe4 dxe4 43. Nd2 Qe5 44. Nc4 Qc3 45. Qd1 Qd3 46. Qa1+ Qc3 47.
Qd1 Qd3 48. Qa1+ Qc3 1/2-1/2

[Event "FIDE World Cup 2011"]
[Site "Khanty-Mansiysk RUS"]
[Date "2011.08.28"]
[Round "1.1"]
[White "Le, Quang Liem"]
[Black "Megaranto, Susanto"]
[Result "1-0"]
[WhiteTitle "GM"]
[BlackTitle "GM"]
[WhiteElo "2715"]
[BlackElo "2544"]
[WhiteFideId "12401137"]
[BlackFideId "7101384"]
[EventDate "2011.08.28"]

1. c4 e6 2. g3 Nf6 3. Bg2 d5 4. d4 Be7 5. Nf3 O-O 6. O-O dxc4 7. Qa4 Qd5 8. Nc3
Qc6 9. Qc2 Qa6 10. e4 Nc6 11. Qe2 Nb4 12. Rd1 Bd7 13. Ne5 Rad8 14. Be3 Nd3 15.
Nxc4 Qxc4 16. Rxd3 e5 17. Rc1 Qa6 18. Rdd1 Qxe2 19. Nxe2 Bd6 20. h3 Rfe8 21.
dxe5 Bxe5 22. f4 Bxb2 23. Rb1 Ba3 24. Rb3 Bf8 25. e5 Be6 26. Rxd8 Rxd8 27. Rxb7
Nd5 28. Bxa7 c5 29. Rb8 Rxb8 30. Bxb8 Ne3 31. a4 c4 32. Bd6 Bxd6 33. exd6 Nxg2
34. Kxg2 Kf8 35. Nd4 c3 36. Kf2 Bxh3 37. a5 Ke8 38. a6 Bc8 39. a7 Bb7 40. Ke3
Kd7 41. Kd3 f6 42. Nb5 g6 43. g4 h5 44. f5 h4 45. fxg6 h3 46. g7 h2 47. g8=Q
h1=Q 48. Qf7+ Kc6 49. Nd4+ Kb6 50. Qxf6 Ba6+ 51. Kxc3 Qa1+ 52. Kd2 Qb2+ 53. Ke3
Qc1+ 54. Ke4 Qe1+ 55. Kf5 Bd3+ 56. Kg5 Qe3+ 57. Qf4 Qe8 58. d7 1-0

[Event "FIDE World Cup 2011"]
[Site "Khanty-Mansiysk RUS"]
[Date "2011.08.28"]
[Round "1.1"]
[White "Paragua, Mark"]
[Black "Adams, Michael"]
[Result "0-1"]
[WhiteTitle "GM"]
[BlackTitle "GM"]
[WhiteElo "2545"]
[BlackElo "2715"]
[WhiteFideId "5201241"]
[BlackFideId "400041"]
[EventDate "2011.08.28"]

1. d4 Nf6 2. c4 e6 3. Nc3 Bb4 4. Qc2 d5 5. cxd5 Qxd5 6. Nf3 Qf5 7. Qb3 Nc6 8. e3
O-O 9. Be2 e5 10. d5 Bxc3+ 11. bxc3 Na5 12. Qa4 b6 13. c4 e4 14. Nd4 Qg6 15. g3
Bg4 16. h3 Bxe2 17. Nxe2 Rfc8 18. Bd2 Nb7 19. Nf4 Qh6 20. Bc3 c6 21. O-O Nh5 22.
Ne2 Nc5 23. Qd1 cxd5 24. cxd5 Nd3 25. Bd4 Nf6 26. Nf4 Nxf4 27. exf4 Rc4 28. d6
Rd8 29. Rc1 Rxc1 30. Qxc1 Ne8 31. Be5 Qe6 32. Re1 f6 33. Bb2 Nxd6 34. Ba3 Nc4
35. Bb4 a5 36. Bc3 Rd3 37. f5 Qxf5 0-1

[Event "FIDE World Cup 2011"]
[Site "Khanty-Mansiysk RUS"]
[Date "2011.08.28"]
[Round "1.1"]
[White "Shirov, Alexei"]
[Black "Leon Hoyos, Manuel"]
[Result "1-0"]
[WhiteTitle "GM"]
[BlackTitle "GM"]
[WhiteElo "2714"]
[BlackElo "2548"]
[WhiteFideId "2209390"]
[BlackFideId "5105269"]
[EventDate "2011.08.28"]

1. e4 c5 2. Nf3 Nc6 3. d4 cxd4 4. Nxd4 g6 5. c4 Nf6 6. Nc3 d6 7. Be2 Bg7 8. Be3
O-O 9. O-O Nxd4 10. Bxd4 Bd7 11. f4 Bc6 12. Bf3 Nd7 13. Bxg7 Kxg7 14. Qd2 a5 15.
Rad1 Qb6+ 16. Kh1 Rfd8 17. Nd5 Bxd5 18. exd5 Rac8 19. b3 a4 20. Qc3+ Kg8 21.
Rde1 axb3 22. axb3 Re8 23. Bg4 Qc7 24. f5 f6 25. fxg6 hxg6 26. Qh3 f5 27. Bxf5
gxf5 28. Rxf5 Nf6 29. Rg5+ Kf7 30. Qe6+ Kf8 31. Rf1 1-0

[Event "FIDE World Cup 2011"]
[Site "Khanty-Mansiysk RUS"]
[Date "2011.08.28"]
[Round "1.1"]
[White "Ortiz Suarez, Isan Reynaldo"]
[Black "Nepomniachtchi, Ian"]
[Result "0-1"]
[WhiteTitle "IM"]
[BlackTitle "GM"]
[WhiteElo "2556"]
[BlackElo "2711"]
[WhiteFideId "3507165"]
[BlackFideId "4168119"]
[EventDate "2011.08.28"]

1. d4 Nf6 2. c4 g6 3. Nc3 d5 4. cxd5 Nxd5 5. e4 Nxc3 6. bxc3 Bg7 7. Qa4+ Nd7 8.
Be3 c5 9. Rc1 O-O 10. Nf3 Qc7 11. Be2 e5 12. O-O b6 13. Rfd1 Bb7 14. d5 a6 15.
Qb3 Nf6 16. Nd2 Bc8 17. a4 Bd7 18. d6 Qxd6 19. Nc4 Qb8 20. Rb1 b5 21. Nd6 Be6
22. Qa3 Nd7 23. Bxc5 Qc7 24. Be3 bxa4 25. Qxa4 Rfd8 26. Rb7 Qxc3 27. Rc1 Nc5 28.
Qc6 Rxd6 29. Qxc5 Qxc5 30. Rxc5 h5 31. Ra5 Bf6 32. h3 Bd8 33. Rxe5 a5 34. Reb5
Rc6 35. Rb8 Rc8 36. Rxc8 Bxc8 37. Rb1 Be6 38. Bc5 a4 39. Ba3 Bb3 40. Bd1 Rb8 41.
Bxb3 Rxb3 42. Ra1 Bf6 43. Ra2 Rb1+ 44. Kh2 Ra1 45. Rxa1 Bxa1 46. Kg3 Bg7 47. Kf3
Bf8 48. Bb2 a3 49. Bc3 f5 50. e5 Kf7 51. Ke3 Ke6 52. h4 Bc5+ 53. Ke2 f4 54. Kf3
Kf5 55. g3 fxg3 56. Kxg3 Bf8 57. f4 Bh6 58. Kf3 Bxf4 59. e6 Bd6 0-1

[Event "FIDE World Cup 2011"]
[Site "Khanty-Mansiysk RUS"]
[Date "2011.08.28"]
[Round "1.1"]
[White "Bacrot, Etienne"]
[Black "Robson, Ray"]
[Result "1/2-1/2"]
[WhiteTitle "GM"]
[BlackTitle "GM"]
[WhiteElo "2710"]
[BlackElo "2560"]
[WhiteFideId "605506"]
[BlackFideId "2023970"]
[EventDate "2011.08.28"]

1. d4 Nf6 2. c4 g6 3. Nc3 d5 4. cxd5 Nxd5 5. Bd2 Nb6 6. Bf4 Bg7 7. e3 O-O 8. Nf3
c5 9. dxc5 N6d7 10. Nd5 Nxc5 11. Rc1 Nba6 12. b4 Ne4 13. Bxa6 bxa6 14. Rc7 Bd7
15. Ng5 e6 16. Nxe4 exd5 17. Qxd5 Bb5 18. Qxd8 Rfxd8 19. Nd6 Bf8 20. Nxb5 axb5
21. Ke2 1/2-1/2

[Event "FIDE World Cup 2011"]
[Site "Khanty-Mansiysk RUS"]
[Date "2011.08.28"]
[Round "1.1"]
[White "Fier, Alexandr"]
[Black "Wang, Yue"]
[Result "1-0"]
[WhiteTitle "GM"]
[BlackTitle "GM"]
[WhiteElo "2566"]
[BlackElo "2709"]
[WhiteFideId "2107139"]
[BlackFideId "8601429"]
[EventDate "2011.08.28"]

1. d4 d5 2. c4 c6 3. Nf3 Nf6 4. Nc3 dxc4 5. a4 Bf5 6. Ne5 e6 7. f3 c5 8. e4 Bg6
9. Be3 cxd4 10. Qxd4 Qxd4 11. Bxd4 Nfd7 12. Nxd7 Nxd7 13. Bxc4 Rc8 14. Bb3 a5
15. Ke2 Rg8 16. Nb5 Bc5 17. Bc3 b6 18. Be1 Ne5 19. Bh4 Bh5 20. Rhd1 g5 21. Bg3
Nc6 22. Nd6+ Bxd6 23. Bxd6 g4 24. Kf2 gxf3 25. gxf3 Rg6 26. Bc4 Rf6 27. Ra3 Na7
28. Rc1 e5 29. Bxe5 Rfc6 30. Rac3 Ke7 31. Bd5 Rxc3 32. Rxc3 Rxc3 33. Bxc3 f6 34.
Bd4 Nc8 35. Bb7 Nd6 36. Ba6 Be8 37. Bxb6 Bxa4 38. Bxa5 Bb5 39. Bxb5 Nxb5 40. Kg3
Kf7 41. Kf4 h5 42. e5 Ke6 43. exf6 Kxf6 44. Bc3+ Kg6 45. Be5 Na7 46. b4 Nb5 47.
Ke4 1-0

[Event "FIDE World Cup 2011"]
[Site "Khanty-Mansiysk RUS"]
[Date "2011.08.28"]
[Round "1.1"]
[White "Tomashevsky, Evgeny"]
[Black "Zhao, Zong-Yuan"]
[Result "1-0"]
[WhiteTitle "GM"]
[BlackTitle "GM"]
[WhiteElo "2707"]
[BlackElo "2570"]
[WhiteFideId "4147235"]
[BlackFideId "3202534"]
[EventDate "2011.08.28"]

1. d4 Nf6 2. c4 e6 3. g3 d5 4. Bg2 dxc4 5. Nf3 a6 6. O-O Nc6 7. e3 Bd7 8. Qe2 b5
9. b3 cxb3 10. axb3 Be7 11. Bb2 O-O 12. Rc1 Nb4 13. Ne5 Rb8 14. Nd2 Rb6 15. Ndf3
Bc8 16. Ne1 Nd7 17. N5d3 Nxd3 18. Nxd3 Bd6 19. e4 Bb7 20. Nc5 Bc8 21. Rc2 c6 22.
Qe3 Be7 23. Nd3 Bb7 24. Qe1 b4 25. Qe3 Rb5 26. h4 Ra5 27. Rd1 Qb6 28. Qe2 Rd8
29. Rc4 h6 30. Qc2 Bf8 31. Rc1 Ra2 32. Qb1 Ra5 33. e5 Rc8 34. Qc2 Qb5 35. Qb1
Nb6 36. Rc5 Bxc5 37. Rxc5 Nd7 38. Rxb5 Rxb5 39. Qc2 a5 40. Nc5 Nxc5 41. dxc5 Ba8
42. Bf1 Rbb8 43. Qe4 1-0

[Event "FIDE World Cup 2011"]
[Site "Khanty-Mansiysk RUS"]
[Date "2011.08.28"]
[Round "1.1"]
[White "Babula, Vlastimil"]
[Black "Efimenko, Zahar"]
[Result "1/2-1/2"]
[WhiteTitle "GM"]
[BlackTitle "GM"]
[WhiteElo "2572"]
[BlackElo "2706"]
[WhiteFideId "301264"]
[BlackFideId "14107201"]
[EventDate "2011.08.28"]

1. d4 Nf6 2. c4 e6 3. Nc3 Bb4 4. Bg5 c5 5. d5 Bxc3+ 6. bxc3 d6 7. e3 Qe7 8. Nf3
Nbd7 9. Be2 Nb6 10. dxe6 Bxe6 11. Nd2 O-O-O 12. O-O d5 13. Qb3 h6 14. Bxf6 gxf6
15. a4 Rhg8 16. Rfb1 dxc4 17. Qc2 Bd5 18. g3 Bc6 19. a5 Nd7 20. Nxc4 Ne5 21.
Qf5+ Qe6 22. Qxe6+ 1/2-1/2